[Event "SRB-chT3 East CS"]
[Site "Kladovo"]
[Date "2016.10.14"]
[Round "7.15"]
[White "Dragic, Vladimir"]
[Black "Milunovic, Sasa"]
[Result "0-1"]
[WhiteElo "2056"]
[BlackElo "1932"]
[PlyCount "118"]
[EventDate "2016.09.04"]
[EventType "team-tourn"]
[EventRounds "11"]
[EventCountry "SRB"]
[SourceTitle "EXT 2021"]
[Source "ChessBase"]
[SourceDate "2020.10.23"]
[SourceVersion "1"]
[SourceVersionDate "2020.10.23"]
[SourceQuality "1"]

1. d4 Nf6 2. Nf3 e6 3. c3 c5 4. e3 Nc6 5. Bd3 d5 6. Nbd2 Qc7 7. e4 dxe4 8. Nxe4 Nxe4 9. Bxe4 cxd4 10. Nxd4 Qe5 11. Qe2 Nxd4 12. cxd4 Bb4+ 13. Kf1 Qxd4 14. g3 0-0 15. Kg2 f5 16. Bf3 Qf6 17. h4 Bd6 18. Rd1 Bc7 19. Bg5 Qf7 20. Rac1 h6 21. Bd2 Kh7 22. Qc4 Be5 23. Bc3 Bb8 24. Re1 Re8 25. b3 Qe7 26. Be5 Bxe5 27. Rxe5 Rd8 28. Rc2 Qd6 29. Qf4 Rb8 30. Rce2 b6 31. h5 b5 32. g4 fxg4 33. Qxg4 Rf8 34. Qg6+ Kg8 35. Be4 Rf7 36. Qh7+ Kf8 37. Bd5 Rf6 38. Bf3 Kf7 39. Qc2 Bb7 40. Bxb7 Rxb7 41. Rc5 Qf4 42. Re3 a6 43. Rg3 Rd7 44. Rgc3 Rf5 45. Rxf5+ exf5 46. Rf3 Qg4+ 47. Rg3 Qe4+ 48. Qxe4 fxe4 49. Rg6 e3 50. fxe3 Rd2+ 51. Kf3 Rxa2 52. Ke4 Ra3 53. Kd5 Rxb3 54. e4 a5 55. Ra6 a4 56. e5 Rd3+ 57. Kc5 a3 58. Ra7+ Ke6 59. Kxb5 Rg3 0-1

[Event "SRB-chT2 East"]
[Site "Leskovac"]
[Date "2014.09.27"]
[Round "5.5"]
[White "Nedeljkovic, Gojko"]
[Black "Dragic, Vladimir"]
[Result "0-1"]
[WhiteElo "2085"]
[BlackElo "2112"]
[PlyCount "39"]
[EventDate "2014.09.25"]
[EventType "team-swiss"]
[EventRounds "6"]
[EventCountry "SRB"]
[SourceTitle "EXT 2015"]
[Source "ChessBase"]
[SourceDate "2014.11.20"]
[SourceVersion "1"]
[SourceVersionDate "2014.11.20"]
[SourceQuality "1"]

1. d4 Nf6 2. c4 e6 3. Nc3 d5 4. cxd5 exd5 5. Bg5 Be7 6. e3 0-0 7. Bd3 Nbd7 8. Qc2 c6 9. Nf3 Re8 10. 0-0 Nb8 11. Ne5 Ne4 12. Bxe7 Qxe7 13. Rab1 f6 14. Nf3 Bg4 15. Nd2 f5 16. Ndxe4 fxe4 17. Be2 Bf5 18. Rfe1 Qg5 19. Red1 Nd7 20. Rd3 0-1